LEADER 01101cam a2200265 a 4500 001 991002901469707536 008 041006s2005 xxu fb 001 0 eng 020 $a9781584883227 (hbk.) 035 $ab14251632-39ule_inst 040 $aBibl. Dip.le Aggr. Scienze Economia - Sez. Settore Economico$bita 082 04$a001.422 100 1 $aSchabenberger, Oliver$0291861 245 10$aStatistical methods for spatial data analysis /$cOliver Schabenberger, Carol A. Gotway 260 $aBoca Raton, Fla. [etc.] :$bChapman & Hall/CRC,$c2005 300 $axvii, 488 p. ;$c25 cm 440 0$aTexts in statistical science series 504 $aBibliografia: p. 447-462 650 04$aStatistica spaziale$vManuali 700 1 $aGotway, Carol A 907 $a.b14251632$b08-06-22$c16-03-16 912 $a991002901469707536 945 $aLE025 ECO 001 GOT01.01$g1$i2025000276857$lle025$nProf. Posa Progetto $o-$pE102.37$q-$rl$sn $t0$u1$v16$w1$x0$y.i15779919$z08-09-16 996 $aStatistical methods for spatial data analysis$9254974 997 $aUNISALENTO 998 $ale025$b16-03-16$cm$da $e $feng$gxxu$h0$i0 LEADER 03353nam 2200589 450 001 9910790943203321 005 20230721012036.0 010 $a0-7391-3036-6 010 $a1-299-79565-X 035 $a(CKB)2550000001259818 035 $a(EBL)1352207 035 $a(OCoLC)876507219 035 $a(SSID)ssj0001174042 035 $a(PQKBManifestationID)12509890 035 $a(PQKBTitleCode)TC0001174042 035 $a(PQKBWorkID)11107148 035 $a(PQKB)10763480 035 $a(MiAaPQ)EBC1352207 035 $a(Au-PeEL)EBL1352207 035 $a(CaPaEBR)ebr10923915 035 $a(CaONFJC)MIL510816 035 $a(EXLCZ)992550000001259818 100 $a20140910h20082004 uy 0 101 0 $aeng 135 $aur|n|---||||| 181 $ctxt 182 $cc 183 $acr 200 00$a"One country, two systems" in crisis $eHong Kong's transformation since the handover /$fedited by Wong Yiu-chung ; contributors, Brian Bridges [and nine others] 205 $aFirst paperback edition. 210 1$aLanham, Maryland ;$aPlymouth, England :$cLexington Books,$d2008. 210 4$dİ2004 215 $a1 online resource (255 p.) 300 $aIncludes index. 311 $a0-7391-2905-8 311 $a0-7391-0492-6 327 $aTitle Page; Copyright Page; Contents; List of Tables; Acknowledgments; Introduction Wong Yiu-chung; Part I: The Principle and Its Practice; 1 ""One Country"" and ""Two Systems"": Where Is the Line? Wong Yiu-chung; Part II: Political and Legal Changes; 2 Taking Stock of ""One Country, Two Systems"" Kenneth Ka-Lok Chan; 3 The Search for the Rule of Law in the Hong Kong Special Administrative Region, 1997-2003 Anne S. Y. Cheung and Albert H. Y. Chen; Part III: State-Society Relationships; 4 The ""Right of Abode"" Issue: A Test Case of ""One Country, Two Systems"" Fung Ho-lup 327 $a5 Catholic Church Relations with the Hong Kong SAR Government: The Paradigm Shift Beatrice K. F. Leung6 Governance in Education in Hong Kong: A Decentralizing or a Centralizing Path? Anita Y: K. Poon and Wong Yiu-chung; Part IV: Hong Kong and the Outside World; 7 Business as Usual? The European Union and Hong Kong after the Handover Brian Bridges; 8 An East-West Conundrum: Hong Kong in Between China and the United States after the Chinese Resumption of Sovereignty Ting Wai; 9 Compromise on Depoliticization: Post-1997 Hong Kong-Taiwan Ties under the Cross-Straits Conflict Timothy Ka- Ying Wong 327 $aIndexAbout the Contributors 330 $a'One Country, Two Systems' in Crisis elucidates how China's intervention in Hong Kong after the British handover in 1984 has curtailed Hong Kong's civil liberties; how freedom of speech is at the mercy of the government; and how deception has turned the 'Pearl of the Orient' into the rubber stamp of the Chinese Communist Party.
607 $aHong Kong (China)$xPolitics and government$y1997- 607 $aHong Kong (China)$xHistory$yTransfer of Sovereignty from Great Britain, 1997 676 $a951.25 702 $aYiu-chung Wong 702 $aBridges$b Brian 801 0$bMiAaPQ 801 1$bMiAaPQ 801 2$bMiAaPQ 906 $aBOOK 912 $a9910790943203321 996 $a"One country, two systems" in crisis$93766778 997 $aUNINA LEADER 01384nas 2200433-a 450 001 996215847803316 005 20240113213019.0 011 $a2326-3075 035 $a(DE-599)ZDB2097637-9 035 $a(OCoLC)51205596 035 $a(CKB)991042726112518 035 $a(CONSER)--2002227370 035 $a(EXLCZ)99991042726112518 100 $a20021211b19751980 --- a 101 0 $aeng 135 $auran||||||||| 181 $ctxt$2rdacontent 182 $cc$2rdamedia 183 $acr$2rdacarrier 200 10$aASA review of books 210 $aWaltham, Mass. $cAfrican Studies Association$d1975-1980 300 $aTitle from title screen (viewed December 12, 2002). 300 $aPlace of publication: Los Angeles, Calif., 1980. 311 $a0364-1686 517 3 $aAfrican Studies Association review of books 607 $aAfrica$vBook reviews$vPeriodicals 607 $aAfrica$2fast$1https://id.oclc.org/worldcat/entity/E39PBJkHrMyfHC67yqRTycbrv3 608 $aLiteratura afryka?ska.$2dbn 608 $aCzasopismo literaturoznawcze.$2dbn 608 $aBook reviews.$2fast 608 $aPeriodicals.$2fast 608 $aPeriodicals.$2lcgft 610 $aBibliography - General 676 $a960 712 02$aAfrican Studies Association. 906 $aJOURNAL 912 $a996215847803316 996 $aASA review of books$91894828 997 $aUNISA